000 00558nam a2200241 a 4500
001 nice12345678
003 IN_TiNIC
005 20260116011606.0
008 050524s1964 lona grp 000 0 eng
020 _a
_c100
082 0 0 _a231.3
_bBAR
100 _aBarclay, William
245 _aPromise of the Spirit
260 _aLondon
_bWyvern Book
_c1964
300 _a126p
500 _aincludes index and biblioraphy
505 2 _aIndex
650 _aHoly Spirit
700 1 _aBarclay, William
902 _bSRS
942 _cBK
999 _c2796
_d2796